| 000 | 01844nam a2200229Ia 4500 | ||
|---|---|---|---|
| 003 | Ost | ||
| 005 | 20260507075627.0 | ||
| 008 | 260507s9999||||xx |||||||||||||| ||und|| | ||
| 020 | _a9789947780084 | ||
| 040 | _cfsecg | ||
| 041 | _aara | ||
| 082 | _a511.3 | ||
| 100 |
_aبوخنسكي، جوزيف _eمؤلف |
||
| 245 | 0 |
_aالموجز في المنطق الرياضي / _c جوزيف بوخنسكي |
|
| 260 |
_aالجزائر: _bالنشر الجامعي الجديد, _c2018 |
||
| 300 |
_a179 صفحة؛ _bأشكال بيانية، جداول _c24 سم |
||
| 504 | _aمراجع ص.161- 179 | ||
| 520 | _aمبادئ عامة ومفاهيم وتاريخ المنطق الرياضي، منطق الجمل مع قيم الصدق والنفي وكذلك جدول مقارنة للمفاهيم والروابط المنطقية بالاضافة الى عنصر التقييم، وقوانين المساواة والقياس والتحويل، وبعدها منطق المحمولات والمجموعاتبما فيه القياس ومبدأ الهوية أو الذاتية والروابط بين المجموعات مع التمثيل البياني والكيان او الوجود وبالتالي حساب المجموعات مع قوانين المجموعة الشاملة والمجموعة الخالية، وأخيرا منطق العلاقات والذي يتضمن العلاقات بين العلاقات والقوانين التماثلية مع النطاق والحقول والعلاقة الموروثةوالعلاقات المتشاكلة أو المتماثلة وكذلك العلاقات المتعددة ، بالاضافة الى أقسام المنطق الأخرى. | ||
| 653 | _aالمنطق الرمزي والرياضي | ||
| 700 |
_aليث، أثير يوسف _eمؤلف ثانوي |
||
| 942 | _cكتاب | ||
| 999 |
_c45174 _d45174 |
||